| 000 | 00382nam a22001697a 4500 | ||
|---|---|---|---|
| 005 | 20260413132708.0 | ||
| 008 | 160629b xxu||||| |||| 00| 0 eng d | ||
| 020 | _a81-7992-159-X | ||
| 041 | _aeng | ||
| 082 | _a808.042 | ||
| 100 |
_aGladis, Dr Steva _93235 |
||
| 245 | _aEffective Writing | ||
| 260 |
_bJaico _c2003 |
||
| 300 | _a192 | ||
| 650 |
_aLiterature _98980 |
||
| 942 | _cBK | ||
| 999 |
_c4765 _d4763 |
||